000 00499nab a2200157 4500
003 ES-SlBCS
005 20210327224347.0
008 140304s2014 sp ||||| |||| 00| 0 spa d
040 _aES-SlBCS
_bspa
100 1 0 _aCastells, Pere
_9123297
245 1 0 _aCocina para celíacos
_cPere Castells
650 0 4 _aAlimentación
_xCelíacos
_9124609
650 0 4 _aDigestivo, Aparato
_xEnfermedades
_9124610
773 0 _gNº 450, 2014, págs. 55
_tInvestigación y Ciencia
_wRev1650
_x0210-136X
942 _2lcc
_cAR
999 _c498043
_d498043